| 000 | 00775nam a22002537a 4500 | ||
|---|---|---|---|
| 005 | 20250128141416.0 | ||
| 008 | 250128b |||||||| |||| 00| 0 eng d | ||
| 020 | _a978-93-6271-372-8 (hbk) | ||
| 037 | _cTB | ||
| 040 |
_aCRL _cCRL |
||
| 041 |
_2eng _aeng |
||
| 084 |
_aR6v'C R4 _qCRL |
||
| 100 | _aKumar, Ashok | ||
| 245 | _aIntroduction to ancient indian philosophy | ||
| 260 |
_aNew Delhi, India: _bVenus Publications, _c2024 |
||
| 300 | _avi, 295p. | ||
| 365 |
_b1950.00 _cINR |
||
| 650 | _aIndian Philosophy | ||
| 650 | _aPhilosophy | ||
| 653 | _aIndian Philosophy | ||
| 653 | _aPhilosophy | ||
| 942 |
_2CC _cTB _hR6v'C R4 _n0 |
||
| 999 |
_c1238279 _d1238279 |
||